| Tag |
First Indicator |
Second Indicator |
Subfields |
| LEADER |
00000cam a2200000Ii 4500 |
| 001 |
in00003510941 |
| 005 |
20150312111250.0 |
| 008 |
150309s1991 nyu 000 1 eng d |
| 035 |
|
|
|a (OCoLC)ocn904549969
|
| 040 |
|
|
|a TXA
|b eng
|e rda
|c TXA
|
| 020 |
|
|
|a 9780759253575
|
| 020 |
|
|
|a 0759253579
|
| 035 |
|
|
|a (OCoLC)904549969
|
| 050 |
|
4 |
|a PR9199.3.D847
|b H37 1991b
|
| 049 |
|
|
|a TXAM
|
| 100 |
1 |
|
|a Duncan, Dave,
|d 1933-
|e author.
|
| 245 |
1 |
0 |
|a Hero! /
|c by Dave Duncan.
|
| 250 |
|
|
|a 1st ed.
|
| 264 |
|
1 |
|a New York :
|b E-Reads,
|c [1991]
|
| 264 |
|
4 |
|c ©1991
|
| 300 |
|
|
|a 358 pages ;
|c 22 cm
|
| 336 |
|
|
|a text
|b txt
|2 rdacontent
|
| 337 |
|
|
|a unmediated
|b n
|2 rdamedia
|
| 338 |
|
|
|a volume
|b nc
|2 rdacarrier
|
| 500 |
|
|
|a The Cushing Library/Science Fiction copy was acquired as part of the personal Science Fiction/Fantasy library of Anne McCaffrey as donated by her son Todd McCaffrey.
|
| 650 |
|
0 |
|a Life on other planets
|v Fiction.
|
| 700 |
1 |
|
|a McCaffrey, Anne,
|e former owner.
|5 TXA
|
| 994 |
|
|
|a C0
|b TXA
|
| 948 |
|
|
|a cataloged
|b h
|c 2015/3/9
|d o
|e nbehmer
|f 9:53:37 am
|
| 999 |
f |
f |
|s 75addd9f-0480-3fd1-bbc4-cd5e6122008c
|i 8e2c8cc8-892a-3c86-894e-3b12140e11b6
|t 0
|
| 952 |
f |
f |
|p noncirc
|a Texas A&M University
|b College Station
|c Cushing Memorial Library & Archives
|d Cushing: Science Fiction (Does not check out)
|t 0
|e PR9199.3.D847 H37 1991b
|h Library of Congress classification
|i unmediated -- volume
|
| 998 |
f |
f |
|a PR9199.3.D847 H37 1991b
|t 0
|l Cushing: Science Fiction (Does not check out)
|